The Brazilian cotton manufacture : textile enterprise in an underdeveloped area, 1850-1950.

Saved in:
Bibliographic Details
Main Author: Stein, Stanley J.
Format: Book
Language:English
Published: Cambridge, Mass. : Harvard university press, 1957.
Series:Studies in entrepreneurial history.
Subjects:
LEADER 01054nam a2200253 i 4500
001 c000254687
003 CARM
005 00000000000000.0
008 840920s1957 mau 0 eng d
019 1 |a 7721620  |z 53530226  |5 LACONCORD2021 
035 |a (OCoLC)248515  |5 LACONCORD2021 
082 0 4 |a 338.4767721 
100 1 |a Stein, Stanley J. 
245 1 4 |a The Brazilian cotton manufacture :  |b textile enterprise in an underdeveloped area, 1850-1950. 
260 |a Cambridge, Mass. :  |b Harvard university press,  |c 1957. 
300 |a 273 p. 
490 1 |a Harvard University. Research Center in Entrepreneurial History. Studies in entrepreneurial history 
500 |a Bibliography: p.[199]-208. 
650 0 |a Cotton trade  |z Brazil. 
650 0 |a Cotton manufacture  |z Brazil. 
830 0 |a Studies in entrepreneurial history. 
852 8 |b CARM  |h A1:AQ17B0  |i C09192  |p 0366945  |f BK 
999 f f |i b254477c-c865-5374-926e-38869686ded1  |s 4b792b25-d7b7-51fc-a38c-f916c86f8038 
952 f f |p Can circulate  |a CAVAL  |b CAVAL  |c CAVAL  |d CARM 1 Store  |e C09192  |f A1:AQ17B0  |h Other scheme  |i book  |m 0366945